[Event "Aktobe Dvorkovich op-A"]
[Site "Aktobe"]
[Date "2025.06.30"]
[Round "9"]
[White "Sarana, Alexey"]
[Black "Tsydypov, Zhamsaran"]
[Result "1/2-1/2"]
[WhiteElo "2686"]
[BlackElo "2514"]
[PlyCount "43"]
[EventDate "2025.06.22"]
[EventType "swiss"]
[EventRounds "9"]
[EventCountry "KAZ"]
[SourceTitle "CB27_2025"]
[SourceDate "2025.07.02"]
[SourceVersion "1"]
[SourceVersionDate "2025.07.02"]
[SourceQuality "1"]

1. d4 Nf6 2. c4 e6 3. Nc3 Bb4 4. f3 c5 5. d5 b5 6. e4 d6 7. Nge2 bxc4 8. Nf4 g5 9. Nfe2 exd5 10. exd5 Qe7 11. Bxg5 Bxc3+ 12. bxc3 Nbd7 13. Qd2 Rg8 14. h4 Ne5 15. Kf2 h6 16. Bxh6 Nh5 17. Rh2 Nd3+ 18. Kg1 Ne5 19. Kf2 Nd3+ 20. Kg1 Ne5 21. Kf2 Nd3+ 22. Kg1 1/2-1/2

[Event "Aktobe Dvorkovich op-A"]
[Site "Aktobe"]
[Date "2025.06.28"]
[Round "7"]
[White "Sarana, Alexey"]
[Black "Aryan, Chopra"]
[Result "1/2-1/2"]
[WhiteElo "2686"]
[BlackElo "2620"]
[PlyCount "102"]
[EventDate "2025.06.22"]
[EventType "swiss"]
[EventRounds "9"]
[EventCountry "KAZ"]
[SourceTitle "CB27_2025"]
[SourceDate "2025.07.02"]
[SourceVersion "1"]
[SourceVersionDate "2025.07.02"]
[SourceQuality "1"]

1. d4 d6 2. e4 Nf6 3. Nc3 e5 4. dxe5 dxe5 5. Qxd8+ Kxd8 6. Bc4 Bb4 7. f3 Ke7 8. Nge2 Be6 9. Bxe6 Kxe6 10. Be3 Nbd7 11. Kf2 c6 12. a4 a5 13. Nd1 Bc5 14. Nc1 Bxe3+ 15. Nxe3 Nc5 16. Rd1 Rhd8 17. Rxd8 Rxd8 18. Ke2 Ne8 19. Nd3 Nxd3 20. cxd3 Nd6 21. Rc1 Rc8 22. g3 f5 23. h4 h5 24. b3 g6 25. Nc4 Nxc4 26. bxc4 Rd8 27. Ke3 fxe4 28. Kxe4 Rd4+ 29. Ke3 Rd7 30. Ke4 Rd4+ 31. Ke3 Rd7 32. Rb1 Kf5 33. Rg1 Rd4 34. Rc1 Rd7 35. Rf1 Ke6 36. Rb1 Kf5 37. Rb3 Ke6 38. Rb2 Kf5 39. Rf2 Ke6 40. Rd2 Rd4 41. f4 Kf5 42. Rb2 Rd7 43. fxe5 Kxe5 44. Rf2 Rd6 45. Rb2 Rd7 46. Rd2 Rd4 47. Rd1 Rg4 48. Re1 Kd6 49. Kf3 Rd4 50. Ke3 Rg4 51. Kf3 Rd4 1/2-1/2

[Event "Aktobe Dvorkovich op-A"]
[Site "Aktobe"]
[Date "2025.06.22"]
[Round "1"]
[White "Sarana, Alexey"]
[Black "Kuru, Atilla"]
[Result "1/2-1/2"]
[WhiteElo "2686"]
[BlackElo "2428"]
[PlyCount "72"]
[EventDate "2025.06.22"]
[EventType "swiss"]
[EventRounds "9"]
[EventCountry "KAZ"]
[SourceTitle "CB27_2025"]
[SourceDate "2025.07.02"]
[SourceVersion "1"]
[SourceVersionDate "2025.07.02"]
[SourceQuality "1"]

1. d4 Nf6 2. c4 e6 3. Nf3 d5 4. Nc3 Nbd7 5. Qc2 dxc4 6. e4 c5 7. dxc5 Bxc5 8. Bxc4 a6 9. 0-0 b5 10. Bb3 Bb7 11. e5 Ng4 12. Ne4 Rc8 13. Qe2 Ngxe5 14. Nxe5 Nxe5 15. Nxc5 Rxc5 16. Be3 Rc8 17. Rad1 Qe7 18. Bf4 Nc4 19. Bxc4 Rxc4 20. Bd6 Qg5 21. f3 Bd5 22. b3 Rc6 23. Ba3 f6 24. h4 Qf5 25. Qe3 Kf7 26. Qa7+ Kg6 27. h5+ Qxh5 28. Rd4 Rc2 29. Rf2 Rxf2 30. Kxf2 Bxf3 31. Rd7 Rc8 32. Rxg7+ Kf5 33. Qe3 Rc2+ 34. Kg1 Bxg2 35. Rxg2 Qd1+ 36. Kh2 Qh5+ 1/2-1/2

[Event "WchT Blitz Final"]
[Site "London"]
[Date "2025.06.15"]
[Round "2.2"]
[White "Sarana, Alexey"]
[Black "Esipenko, Andrey"]
[Result "0-1"]
[WhiteElo "2686"]
[BlackElo "2689"]
[PlyCount "96"]
[EventDate "2025.06.15"]
[EventType "team-k.o. (blitz)"]
[EventRounds "4"]
[EventCountry "ENG"]
[SourceTitle "CB25_2025"]
[SourceDate "2025.06.18"]
[SourceVersion "1"]
[SourceVersionDate "2025.06.18"]
[SourceQuality "1"]
[WhiteTeam "Freedom"]
[BlackTeam "KazChess"]
[WhiteTeamCountry "IND"]
[BlackTeamCountry "KAZ"]

1. d4 d5 2. c4 e6 3. Nc3 Be7 4. cxd5 exd5 5. Bf4 c6 6. Qc2 g6 7. Nf3 Nf6 8. e3 Bf5 9. Bd3 Bxd3 10. Qxd3 Nbd7 11. h3 0-0 12. 0-0 Nb6 13. Ne5 Nh5 14. Bh2 Bd6 15. g4 Ng7 16. f4 f6 17. Nf3 Qd7 18. Rae1 Rae8 19. Re2 Bc7 20. b3 Nc8 21. e4 dxe4 22. Nxe4 Nb6 23. Rfe1 Nd5 24. Qc4 b5 25. Qc1 Ne6 26. f5 Bxh2+ 27. Rxh2 Nef4 28. Nc5 Qd6 29. fxg6 hxg6 30. Ne4 Qd7 31. Nc5 Qf7 32. Qd2 Rxe1+ 33. Nxe1 Re8 34. Ned3 g5 35. h4 Nxd3 36. Nxd3 Re4 37. hxg5 Rxd4 38. Qe2 fxg5 39. Rh5 Qg6 40. Ne5 Qf6 41. Qc2 Qxe5 42. Qg6+ Kf8 43. Qh6+ Kf7 44. Qh7+ Qg7 45. Qf5+ Nf6 46. Rxg5 Qh6 47. Qe5 Qxg5 48. Qxg5 Rxg4+ 0-1

[Event "WchT Blitz Pool B"]
[Site "London"]
[Date "2025.06.14"]
[Round "11.2"]
[White "Sarana, Alexey"]
[Black "Hill, Alistair"]
[Result "1-0"]
[WhiteElo "2686"]
[BlackElo "2178"]
[PlyCount "67"]
[EventDate "2025.06.14"]
[EventType "team-tourn"]
[EventRounds "13"]
[EventCountry "ENG"]
[SourceTitle "CB25_2025"]
[SourceDate "2025.06.18"]
[SourceVersion "1"]
[SourceVersionDate "2025.06.18"]
[SourceQuality "1"]
[WhiteTeam "Freedom"]
[BlackTeam "Hammersmith"]
[WhiteTeamCountry "IND"]
[BlackTeamCountry "ENG"]

1. d4 Nf6 2. c4 g6 3. Nc3 d5 4. Bg5 Ne4 5. Bh4 Nxc3 6. bxc3 dxc4 7. e3 Bg7 8. Bxc4 0-0 9. Nf3 c5 10. 0-0 cxd4 11. cxd4 b6 12. Rc1 Bb7 13. Ne5 Nd7 14. Nxf7 Rxf7 15. Qb3 Qe8 16. Bxf7+ Qxf7 17. Qxf7+ Kxf7 18. Rc7 Ba6 19. Rxd7 Bxf1 20. Rxe7+ Kg8 21. Kxf1 Bf8 22. Rb7 Rc8 23. Rxa7 Rc2 24. g4 Bb4 25. a4 Ra2 26. Bf6 Ba5 27. Rg7+ Kf8 28. Rxh7 Rxa4 29. h4 b5 30. h5 gxh5 31. gxh5 Ra1+ 32. Kg2 b4 33. h6 b3 34. Rb7 1-0

[Event "WchT Rapid"]
[Site "London"]
[Date "2025.06.11"]
[Round "2.3"]
[White "Bologan, Viktor"]
[Black "Sarana, Alexey"]
[Result "0-1"]
[WhiteElo "2501"]
[BlackElo "2603"]
[PlyCount "60"]
[EventDate "2025.06.11"]
[EventType "team-swiss"]
[EventRounds "12"]
[EventCountry "ENG"]
[SourceTitle "CB25_2025"]
[SourceDate "2025.06.18"]
[SourceVersion "1"]
[SourceVersionDate "2025.06.18"]
[SourceQuality "1"]
[WhiteTeam "FIDE MB Team"]
[BlackTeam "Freedom"]
[BlackTeamCountry "IND"]

1. e4 c5 2. d3 Nc6 3. f4 d5 4. Be2 g6 5. Nf3 Bg7 6. c3 dxe4 7. dxe4 Qxd1+ 8. Bxd1 Nf6 9. Nbd2 e5 10. fxe5 Ng4 11. Ba4 0-0 12. Bxc6 bxc6 13. Nb3 Nxe5 14. Nxc5 Re8 15. Bf4 Nd7 16. Be3 Nxc5 17. Bxc5 Rxe4+ 18. Kf2 Rb8 19. Ba3 Bf8 20. Rhe1 Rxe1 21. Rxe1 Bxa3 22. bxa3 Be6 23. Nd4 Bd5 24. Re2 Rb6 25. Rc2 c5 26. c4 Be4 27. Re2 Bd3 28. Re8+ Kg7 29. Nb3 Bxc4 30. Nxc5 Rb2+ 0-1

[Event "Titled Tuesday intern op 03rd Jan Late"]
[Site "Chess.com INT"]
[Date "2025.06.03"]
[Round "7"]
[White "Popov, Konstantin"]
[Black "Sarana, Alexey"]
[Result "0-1"]
[WhiteElo "2378"]
[BlackElo "2686"]
[PlyCount "170"]
[EventDate "2025.06.03"]
[EventType "swiss (blitz)"]
[EventRounds "11"]
[EventCountry "USA"]
[SourceTitle "CB24_2025"]
[SourceDate "2025.06.11"]
[SourceVersion "1"]
[SourceVersionDate "2025.06.11"]
[SourceQuality "1"]

1. e4 e5 2. Nf3 Nc6 3. Bb5 a6 4. Ba4 Nge7 5. Nc3 Ng6 6. h4 h5 7. d3 d6 8. Bg5 f6 9. Be3 Bg4 10. Qd2 Be7 11. Nd5 0-0 12. c3 f5 13. Bb3 Kh8 14. Bg5 fxe4 15. dxe4 Na5 16. Nxe7 Nxe7 17. Bd1 Qe8 18. Bxe7 Qxe7 19. Ng5 Nc4 20. Qc2 Bxd1 21. Rxd1 g6 22. b3 Nb6 23. Rh3 Rf6 24. Rf3 Raf8 25. Rdd3 Nd7 26. b4 Rxf3 27. Rxf3 Rxf3 28. Nxf3 Nf8 29. g3 Ne6 30. Qd3 Kg7 31. a4 Qe8 32. a5 Kf6 33. Qd5 Qa4 34. Qd2 Qa1+ 35. Ke2 Qb1 36. Ng5 Ke7 37. f3 Nd8 38. Qd3 Qb2+ 39. Qd2 Qb3 40. Nh7 Qc4+ 41. Kf2 Nf7 42. Ng5 Nd8 43. Nh7 Ne6 44. Ng5 Nf8 45. f4 Nd7 46. Kf3 Nf6 47. Kg2 Nxe4 48. Qe3 Qa2+ 49. Kg1 Qb1+ 50. Kg2 Qc2+ 51. Kg1 Qd1+ 52. Kg2 Qd2+ 53. Qxd2 Nxd2 54. fxe5 dxe5 55. Kf2 Nb1 56. Ne4 Na3 57. Ke3 b6 58. axb6 cxb6 59. Kd3 Nb5 60. c4 Nd6 61. Nc3 Ke6 62. c5 bxc5 63. bxc5 Nb5 64. Ne4 Kd5 65. Ke3 Nd4 66. Nf6+ Kxc5 67. Ke4 Nc6 68. Nd7+ Kc4 69. Nf8 a5 70. Nxg6 a4 71. g4 a3 72. gxh5 a2 73. h6 a1Q 74. h7 Qb1+ 75. Ke3 Qd3+ 76. Kf2 Qf5+ 77. Ke1 Qxg6 78. h8Q Kd3 79. Kf2 Qf5+ 80. Kg1 Nd4 81. Qg7 Ne2+ 82. Kh2 Qf4+ 83. Kh3 Qf3+ 84. Kh2 Qf2+ 85. Kh3 Ng1+ 0-1

[Event "Titled Tuesday intern op 03rd Jan Late"]
[Site "Chess.com INT"]
[Date "2025.06.03"]
[Round "2"]
[White "Sarana, Alexey"]
[Black "Caprio, Guido"]
[Result "1-0"]
[WhiteElo "2686"]
[BlackElo "2435"]
[PlyCount "37"]
[EventDate "2025.06.03"]
[EventType "swiss (blitz)"]
[EventRounds "11"]
[EventCountry "USA"]
[SourceTitle "CB24_2025"]
[SourceDate "2025.06.11"]
[SourceVersion "1"]
[SourceVersionDate "2025.06.11"]
[SourceQuality "1"]

1. e4 d6 2. d4 Nf6 3. Nc3 e6 4. Nf3 Be7 5. Bd3 0-0 6. Qe2 Nc6 7. e5 Nd5 8. h4 h6 9. Bxh6 gxh6 10. Qe4 f5 11. exf6 Rxf6 12. Qh7+ Kf8 13. Qh8+ Kf7 14. Ng5+ hxg5 15. Qh5+ Kf8 16. hxg5 Rh6 17. Qxh6+ Ke8 18. Nxd5 Kd7 19. Nf6+ 1-0

[Event "Titled Tuesday intern op 03rd Jan Late"]
[Site "Chess.com INT"]
[Date "2025.06.03"]
[Round "10"]
[White "Sarana, Alexey"]
[Black "Jumabayev, Rinat"]
[Result "1-0"]
[WhiteElo "2686"]
[BlackElo "2551"]
[PlyCount "91"]
[EventDate "2025.06.03"]
[EventType "swiss (blitz)"]
[EventRounds "11"]
[EventCountry "USA"]
[SourceTitle "CB24_2025"]
[SourceDate "2025.06.11"]
[SourceVersion "1"]
[SourceVersionDate "2025.06.11"]
[SourceQuality "1"]

1. e4 c5 2. Nf3 e6 3. d4 cxd4 4. Nxd4 a6 5. Nc3 Qc7 6. Be2 Nf6 7. 0-0 Bb4 8. Qd3 Nc6 9. Nxc6 bxc6 10. f4 d5 11. e5 Nd7 12. Qg3 g6 13. Kh1 a5 14. a3 Be7 15. Na4 Ba6 16. Bxa6 Rxa6 17. c4 Nb6 18. Nxb6 Rxb6 19. b3 Qb7 20. Rf3 dxc4 21. bxc4 Rb1 22. Rxb1 Qxb1 23. Rf1 0-0 24. Qf3 a4 25. h3 Rd8 26. Kh2 Qd3 27. Qxd3 Rxd3 28. Rf3 Rd1 29. Rc3 h5 30. Kg3 Kf8 31. c5 Ke8 32. Kf3 Kd7 33. Rc4 Rd3+ 34. Ke2 Rg3 35. Kf2 Rb3 36. Ke2 h4 37. Kf2 Kc8 38. Kf1 Kb7 39. Ke2 Kc8 40. Rxa4 Bxc5 41. Ra8+ Kd7 42. a4 Rb1 43. Kd2 Rb3 44. Rh8 Rb4 45. Kd3 Rxa4 46. Rxh4 1-0

[Event "Titled Tuesday intern op 03rd Jan Late"]
[Site "Chess.com INT"]
[Date "2025.06.03"]
[Round "5"]
[White "Tekeyev, Zaur"]
[Black "Sarana, Alexey"]
[Result "0-1"]
[WhiteElo "2417"]
[BlackElo "2686"]
[PlyCount "98"]
[EventDate "2025.06.03"]
[EventType "swiss (blitz)"]
[EventRounds "11"]
[EventCountry "USA"]
[SourceTitle "CB24_2025"]
[SourceDate "2025.06.11"]
[SourceVersion "1"]
[SourceVersionDate "2025.06.11"]
[SourceQuality "1"]

1. e4 e5 2. Nf3 Nc6 3. Bc4 Nf6 4. d3 d5 5. exd5 Nxd5 6. 0-0 Bg4 7. Re1 Qd6 8. Bb5 0-0-0 9. Bxc6 bxc6 10. Nbd2 f6 11. c3 Nf4 12. d4 c5 13. dxe5 fxe5 14. Qa4 Bxf3 15. Nxf3 Nd3 16. Rd1 Be7 17. Qe4 Kb8 18. Bg5 Bxg5 19. Nxg5 Rhf8 20. Rd2 h6 21. Rad1 Nxf2 22. Rxd6 Rxd6 23. Rxd6 Nxe4 24. Ne6 cxd6 25. Nxf8 Kc8 26. Ne6 g5 27. Ng7 Kd7 28. Nf5 h5 29. Ne3 Ke6 30. c4 Nf6 31. Kf2 d5 32. cxd5+ Nxd5 33. Nc4 e4 34. Ke2 Kf5 35. g3 Kg4 36. Nd6 e3 37. Ne4 c4 38. h4 gxh4 39. gxh4 Kxh4 40. Kf3 a5 41. a4 Nb6 42. Nc3 Kh3 43. Kxe3 Kg2 44. Ne2 h4 45. Kd4 Nxa4 46. Kxc4 Nxb2+ 47. Kb3 Nd3 48. Kc3 Ne5 49. Kd4 Ng6 0-1

[Event "Titled Tuesday intern op 03rd Jan Late"]
[Site "Chess.com INT"]
[Date "2025.06.03"]
[Round "1"]
[White "Zahedifar, Anahita"]
[Black "Sarana, Alexey"]
[Result "0-1"]
[WhiteElo "2143"]
[BlackElo "2686"]
[PlyCount "108"]
[EventDate "2025.06.03"]
[EventType "swiss (blitz)"]
[EventRounds "11"]
[EventCountry "USA"]
[SourceTitle "CB24_2025"]
[SourceDate "2025.06.11"]
[SourceVersion "1"]
[SourceVersionDate "2025.06.11"]
[SourceQuality "1"]

1. d4 Nf6 2. Nf3 d5 3. c4 c6 4. Nc3 e6 5. g3 Nbd7 6. cxd5 exd5 7. Bg2 Bd6 8. 0-0 0-0 9. Bf4 Qe7 10. Bxd6 Qxd6 11. a3 Re8 12. Re1 Nb6 13. b3 Bf5 14. Nh4 Bg4 15. Qd3 Rad8 16. Nf5 Qd7 17. Ne3 Bh5 18. Qf5 Qe7 19. Qd3 Bg6 20. Qd2 Nc8 21. b4 Nd6 22. a4 a6 23. Qb2 Be4 24. Bxe4 Nfxe4 25. Nxe4 Qxe4 26. Rad1 Re6 27. Qc2 Rde8 28. Qxe4 Rxe4 29. Kf1 h5 30. Ng2 Nf5 31. e3 g5 32. h3 Kg7 33. Re2 Kg6 34. Rb2 Nd6 35. Ne1 Nc4 36. Ra2 f5 37. Nd3 h4 38. gxh4 Rxh4 39. Kg2 Rxe3 40. Ne5+ Rxe5 41. dxe5 Nxe5 42. Re2 Kf6 43. Rde1 Re4 44. b5 axb5 45. axb5 c5 46. b6 c4 47. f3 Rxe2+ 48. Rxe2 c3 49. Ra2 d4 50. Kf2 Nd3+ 51. Kf1 Nc1 52. Ra7 c2 53. Rxb7 Na2 54. Rc7 Nc3 0-1

[Event "AUT-chT Rapid"]
[Site "Pasching"]
[Date "2025.06.01"]
[Round "5.15"]
[White "Sarana, Alexey"]
[Black "Mostbauer, Florian"]
[Result "1-0"]
[WhiteElo "2686"]
[BlackElo "2314"]
[PlyCount "75"]
[EventDate "2025.06.01"]
[EventType "team-swiss (rapid)"]
[EventRounds "9"]
[EventCountry "AUT"]
[SourceTitle "CB23_2025"]
[SourceDate "2025.06.04"]
[SourceVersion "1"]
[SourceVersionDate "2025.06.04"]
[SourceQuality "1"]
[WhiteTeam "Linz ASV"]
[BlackTeam "Neuhofen Union"]
[WhiteTeamCountry "AUT"]
[BlackTeamCountry "AUT"]

1. e4 c6 2. d4 d5 3. e5 Bf5 4. Nf3 e6 5. c3 Nd7 6. Bd3 Ne7 7. 0-0 h6 8. Be3 Rc8 9. b4 g5 10. Ne1 Rg8 11. Nd2 Bg6 12. Bxg6 Rxg6 13. Qh5 Nf5 14. g4 Ng7 15. Qh3 f5 16. f3 h5 17. Nd3 Be7 18. Kh1 Kf7 19. Rg1 Qh8 20. Raf1 hxg4 21. Qxh8 Rxh8 22. fxg4 Ke8 23. Nf3 f4 24. Bf2 Rh3 25. Kg2 Rh7 26. Rh1 Nb6 27. h4 gxh4 28. Kh3 Bg5 29. Nxg5 Rxg5 30. Nxf4 Nc4 31. Rfg1 Nd2 32. Be3 Ne4 33. Ng2 Nf5 34. gxf5 Rg3+ 35. Kh2 exf5 36. Re1 h3 37. Nf4 Ng5 38. Kxg3 1-0

[Event "AUT-chT Blitz"]
[Site "Pasching"]
[Date "2025.05.31"]
[Round "13.7"]
[White "Pyrig, Roman"]
[Black "Sarana, Alexey"]
[Result "0-1"]
[WhiteElo "2429"]
[BlackElo "2686"]
[PlyCount "196"]
[EventDate "2025.05.31"]
[EventType "team-swiss (blitz)"]
[EventRounds "13"]
[EventCountry "AUT"]
[SourceTitle "CB23_2025"]
[SourceDate "2025.06.04"]
[SourceVersion "1"]
[SourceVersionDate "2025.06.04"]
[SourceQuality "1"]
[WhiteTeam "GOGIEFF"]
[BlackTeam "Linz ASV"]
[WhiteTeamCountry "UKR"]
[BlackTeamCountry "AUT"]

1. e4 e5 2. Nf3 Nc6 3. d4 exd4 4. Nxd4 Nf6 5. Nc3 Bb4 6. Nxc6 bxc6 7. Bd3 d6 8. 0-0 Ng4 9. Qf3 Ne5 10. Qg3 Qf6 11. Ne2 Qg6 12. Bf4 Qxg3 13. hxg3 Bc5 14. Nc3 a5 15. Rfe1 Ng4 16. Re2 f6 17. Kf1 g5 18. Bd2 h5 19. f3 Ne5 20. Be3 Bxe3 21. Rxe3 Ke7 22. Be2 h4 23. Kf2 Be6 24. b3 Rh7 25. Na4 Rah8 26. gxh4 Rxh4 27. Nb2 c5 28. Bc4 Bd7 29. Be2 Be6 30. Bc4 Rb8 31. Bxe6 Kxe6 32. Nd3 Nc6 33. Nb2 g4 34. c3 gxf3 35. Kxf3 Ne5+ 36. Ke2 Rg8 37. Rg1 Rh2 38. Kf1 Rg4 39. Nd1 Rf4+ 40. Ke1 Rg4 41. Kf1 c4 42. Nf2 Rf4 43. Ke2 Rfh4 44. Rh3 R2xh3 45. gxh3 c5 46. Rg8 cxb3 47. axb3 c4 48. bxc4 Nxc4 49. Rc8 Ne5 50. Ra8 Nc6 51. Kf3 Rh7 52. Kg3 Ra7 53. Rxa7 Nxa7 54. Kf3 a4 55. Nd3 a3 56. Nb4 Nb5 57. Na2 Kf7 58. Ke3 Kg6 59. Kd3 Kg5 60. Kc4 Nc7 61. Nb4 Kf4 62. Kd3 Kg3 63. Kc2 Kxh3 64. Kb3 Kg4 65. Kxa3 Kf4 66. Kb3 Kxe4 67. Kc2 f5 68. Kd2 Nd5 69. Nc6 Nb6 70. Ke2 Na4 71. Kd2 Nc5 72. Na5 f4 73. Nc4 d5 74. Nd6+ Ke5 75. Nf7+ Ke6 76. Ng5+ Kf6 77. Nf3 Kf5 78. Ke2 Kg4 79. Nd4 Na4 80. Kd3 Nb2+ 81. Kd2 Nc4+ 82. Ke2 Ne5 83. Ne6 Kf5 84. Nc7 Ke4 85. Ne6 f3+ 86. Kf2 Nd3+ 87. Kf1 Nf4 88. Nc7 Ne2 89. Kf2 Nxc3 90. Ne6 Nd1+ 91. Ke1 Ne3 92. Kf2 Ng4+ 93. Kg3 Ne5 94. Kf2 Nd3+ 95. Kf1 Ke3 96. Nc7 Nf4 97. Na6 d4 98. Nb4 d3 0-1

[Event "AUT-chT Blitz"]
[Site "Pasching"]
[Date "2025.05.31"]
[Round "9.11"]
[White "Sarana, Alexey"]
[Black "Sherman, Reem"]
[Result "1-0"]
[WhiteElo "2686"]
[BlackElo "2366"]
[PlyCount "97"]
[EventDate "2025.05.31"]
[EventType "team-swiss (blitz)"]
[EventRounds "13"]
[EventCountry "AUT"]
[SourceTitle "CB23_2025"]
[SourceDate "2025.06.04"]
[SourceVersion "1"]
[SourceVersionDate "2025.06.04"]
[SourceQuality "1"]
[WhiteTeam "Linz ASV"]
[BlackTeam "OBANA"]
[WhiteTeamCountry "AUT"]
[BlackTeamCountry "ISR"]

1. e4 e5 2. Nf3 Nc6 3. Bc4 Nf6 4. Ng5 d5 5. exd5 b5 6. Bf1 Nxd5 7. Bxb5 Bb7 8. d4 exd4 9. 0-0 Be7 10. Qh5 g6 11. Qh6 Qd7 12. Nf3 0-0-0 13. Nxd4 Bf6 14. Nxc6 Bxc6 15. Bxc6 Qxc6 16. c3 Rhe8 17. Nd2 Nb6 18. Nf3 Rd3 19. Bf4 Nc4 20. Qxh7 Qd7 21. Ng5 Rf8 22. Ne4 Qg4 23. Nxf6 Qxf4 24. Qg7 Rdd8 25. Nd5 Qg5 26. Ne3 Nxe3 27. fxe3 Qxe3+ 28. Kh1 Rfe8 29. Qxf7 Rd2 30. Qxg6 Rxb2 31. Qg4+ Kb8 32. h3 Re4 33. Qg8+ Kb7 34. Rab1 Rb6 35. Qd5+ Ka6 36. c4 Rd4 37. Rxb6+ cxb6 38. Qb5+ Kb7 39. Rf7+ Kb8 40. Rf1 Qe2 41. Qf5 Rxc4 42. Qf8+ Rc8 43. Qd6+ Rc7 44. Rf7 Qe1+ 45. Kh2 Qc3 46. h4 b5 47. h5 a5 48. h6 b4 49. Qxc7+ 1-0

[Event "PlusCity Grand Prix Rapid"]
[Site "Pasching"]
[Date "2025.05.30"]
[Round "6"]
[White "Sarana, Alexey"]
[Black "Dragnev, Valentin"]
[Result "1-0"]
[WhiteElo "2686"]
[BlackElo "2540"]
[PlyCount "127"]
[EventDate "2025.05.30"]
[EventType "swiss (rapid)"]
[EventRounds "9"]
[EventCountry "AUT"]
[SourceTitle "CB23_2025"]
[SourceDate "2025.06.04"]
[SourceVersion "1"]
[SourceVersionDate "2025.06.04"]
[SourceQuality "1"]

1. d4 d5 2. c4 c6 3. Nf3 Nf6 4. Nc3 e6 5. e3 Nbd7 6. Qc2 Bd6 7. Bd3 dxc4 8. Bxc4 0-0 9. 0-0 e5 10. h3 h6 11. a3 Qe7 12. Nh4 Nb6 13. Ng6 Qc7 14. dxe5 Bxe5 15. Nxe5 Qxe5 16. Bd3 Qe7 17. e4 Nfd7 18. Be3 Ne5 19. Be2 Nec4 20. Bf4 Be6 21. Rae1 Rad8 22. Bc1 Qh4 23. Kh2 f5 24. g3 Qf6 25. f4 Kh8 26. Bd3 Na5 27. exf5 Bb3 28. Qe2 Rxd3 29. Qxd3 Bc4 30. Qe4 Bxf1 31. Rxf1 Qxf5 32. Qxf5 Rxf5 33. Re1 Kg8 34. Re8+ Rf8 35. Re4 Kf7 36. Kg2 Rd8 37. Kf2 Nac4 38. a4 a5 39. b3 Nd2 40. Bxd2 Rxd2+ 41. Re2 Rd3 42. Re3 Rd2+ 43. Re2 Rd3 44. Re3 Rd2+ 45. Kf3 Nd5 46. Nxd5 Rxd5 47. Ke4 Ke6 48. g4 b5 49. f5+ Kd6 50. Kf4 Rd4+ 51. Re4 Rd3 52. Re6+ Kd7 53. axb5 cxb5 54. Rg6 Rxb3 55. Rxg7+ Kd6 56. Rg6+ Kd5 57. Rxh6 a4 58. Ra6 Rxh3 59. f6 Rh1 60. Kf5 Kc4 61. f7 Rf1+ 62. Kg6 Rxf7 63. Kxf7 Kb3 64. g5 1-0